| 000 | 00558nam a2200205Ia 4500 | ||
|---|---|---|---|
| 005 | 20250326144129.0 | ||
| 008 | 250326s9999 xx 000 0 und d | ||
| 037 | _aTextbook | ||
| 040 |
_aFMSL _beng _cFMSL |
||
| 041 |
_aeng _2eng |
||
| 084 |
_aX:51ot8 P5;P9 _qFMSL |
||
| 100 |
_aKotlar P _9749095 |
||
| 245 | 0 |
_aMarketing management _cKotlar P; Keller Kl |
|
| 260 |
_aNew Delhi _bNew Delhi, Prentice-Hall _c2008 |
||
| 300 | _a124p | ||
| 365 | _b550 | ||
| 650 | _aMarketing | ||
| 942 |
_cTB _hX:51ot8 P5;P9 |
||
| 999 |
_c1302476 _d1302476 |
||